[Event "DFMMLV 2019"]
[Site "Braunfels"]
[Date "2019.06.21"]
[Round "3.44"]
[White "Wollscheid, Stefanie"]
[Black "Neumann, Ramona"]
[Result "1/2-1/2"]
[WhiteElo "1705"]
[BlackElo "1709"]
[Annotator "NA"]
[PlyCount "112"]
[EventDate "2019.06.20"]
[EventType "team-tourn"]
[EventCountry "GER"]
[SourceTitle "playchess.com"]
[Source "ChessBase"]
[SourceQuality "1"]
[WhiteTeam "Niedersachsen Bremen"]
[BlackTeam "Hamburg"]
[TimeControl "40/5400+30:1800+30"]

1. e4 {[%emt 0:00:00]} e6 {[%emt 0:00:00]} 2. d4 {[%emt 0:00:00]} d5 {[%emt 0:00:00]} 3. e5 {[%emt 0:00:04]} c5 {[%emt 0:00:04]} 4. c3 {[%emt 0:00:30]} Nc6 {[%emt 0:00:20]} 5. Nf3 {[%emt 0:00:21]} Qb6 {[%emt 0:01:59]} 6. Be2 {[%emt 0:02:02]} Nge7 {[%emt 0:05:18]} 7. b3 {[%emt 0:08:25]} Nf5 {[%emt 0:02:57]} 8. Bb2 {[%emt 0:05:22]} cxd4 {[%emt 0:03:30]} 9. cxd4 {[%emt 0:04:03]} Bb4+ {[%emt 0:00:57]} 10. Kf1 {[%emt 0:04:19]} Bd7 {[%emt 0:03:37]} 11. a4 {[%emt 0:01:16]} a6 {[%emt 0:06:04]} 12. g4 {[%emt 0:13:07]} Nfe7 {[%emt 0:04:06]} 13. Bd3 {[%emt 0:01:45]} Ba5 {[%emt 0:08:24]} 14. Na3 {[%emt 0:07:49]} Nb4 {[%emt 0:04:45]} 15. Rc1 {[%emt 0:03:18]} Nxd3 {[%emt 0:01:48]} 16. Qxd3 {[%emt 0:00:23]} Nc6 {[%emt 0:12:53]} 17. Qe3 {[%emt 0:06:38]} Qd8 {[%emt 0:07:24]} 18. Nc2 {[%emt 0:04:17]} O-O {[%emt 0:08:01]} 19. Rg1 {[%emt 0:01:46]} f6 {[%emt 0:05:19]} 20. g5 {[%emt 0:13:28]} fxe5 {[%emt 0:01:59]} 21. Nxe5 Nxe5 {[%emt 0:01:44]} 22. dxe5 {[%emt 0:01:17]} b5 {[%emt 0:02:34]} 23. Rg4 {[%emt 0:02:25]} Be8 {[%emt 0:03:58]} 24. Nd4 {[%emt 0:01:57]} Bb6 {[%emt 0:05:23]} 25. Qh3 {[%emt 0:00:37]} Bg6 {[%emt 0:00:39]} 26. Rg3 {[%emt 0:06:26]} Bxd4 {[%emt 0:02:20]} 27. Bxd4 {[%emt 0:00:06]} Qd7 {[%emt 0:00:50]} 28. a5 {[%emt 0:00:41]} Rf4 {[%emt 0:02:28]} 29. Bb6 {[%emt 0:04:05]} Bf5 {[%emt 0:00:39]} 30. Qg2 {[%emt 0:01:16]} Rc8 {[%emt 0:00:56]} 31. Rgc3 {[%emt 0:00:26]} Rxc3 {[%emt 0:02:13]} 32. Rxc3 {[%emt 0:00:01]} Be4 {[%emt 0:00:19]} 33. Qg3 {[%emt 0:01:43]} Rf8 {[%emt 0:00:36]} 34. Rc7 {[%emt 0:01:33]} Qe8 {[%emt 0:00:23]} 35. Qc3 {[%emt 0:02:13]} Qh5 {[%emt 0:00:36]} 36. Ke1 {[%emt 0:02:41]} Qxh2 {[%emt 0:00:42]} 37. Kd2 {[%emt 0:00:25]} Qh5 {[%emt 0:01:51]} 38. Be3 {[%emt 0:00:21]} Qh2 {[%emt 0:00:52]} 39. Rc8 {[%emt 0:00:16]} h6 {[%emt 0:00:25]} 40. Rxf8+ {[%emt 0:00:42]} Kxf8 {[%emt 0:00:01]} 41. Qc8+ {[%emt 0:30:36]} Kf7 {[%emt 0:30:11]} 42. Qd7+ {[%emt 0:00:22]} Kf8 {[%emt 0:01:16]} 43. Qxe6 {[%emt 0:00:00]} d4 {[%emt 0:00:00]} 44. Qd6+ {[%emt 0:00:00]} Kg8 {[%emt 0:00:00]} 45. Qxd4 {[%emt 0:00:00]} Bf5 {[%emt 0:00:00]} 46. gxh6 {[%emt 0:00:00]} gxh6 {[%emt 0:00:00]} 47. Qd8+ {[%emt 0:00:00]} Kh7 {[%emt 0:00:00]} 48. e6 {[%emt 0:00:00]} Qe5 {[%emt 0:00:00]} 49. Qe7+ {[%emt 0:00:00]} Qg7 {[%emt 0:00:00]} 50. Qxg7+ {[%emt 0:00:00]} Kxg7 {[%emt 0:00:00]} 51. e7 {[%emt 0:00:00]} Kf7 {[%emt 0:00:00]} 52. Bxh6 {[%emt 0:00:00]} Kxe7 {[%emt 0:00:00]} 53. Ke3 {[%emt 0:00:00]} Ke6 {[%emt 0:00:00]} 54. Kd4 {[%emt 0:00:00]} Kd6 {[%emt 0:00:00]} 55. b4 {[%emt 0:00:00]} Bc8 {[%emt 0:00:00]} 56. f4 {[%emt 0:00:00]} Ke6 {[%emt 0:00:00]} 1/2-1/2

[Event "DFMMLV 2019"]
[Site "Braunfels"]
[Date "2019.06.21"]
[Round "3.45"]
[White "Hoefner, Nina"]
[Black "Grabowski, Petra"]
[Result "1-0"]
[WhiteElo "1557"]
[BlackElo "1626"]
[Annotator "NA"]
[PlyCount "63"]
[EventDate "2019.06.20"]
[EventType "team-tourn"]
[EventCountry "GER"]
[SourceTitle "playchess.com"]
[Source "ChessBase"]
[SourceQuality "1"]
[WhiteTeam "Hamburg"]
[BlackTeam "Niedersachsen Bremen"]
[TimeControl "40/5400+30:1800+30"]

1. e4 {[%emt 0:00:00]} e6 {[%emt 0:00:00]} 2. d4 {[%emt 0:00:00]} d5 {[%emt 0:00:00]} 3. Nc3 {[%emt 0:00:00]} dxe4 {[%emt 0:00:03]} 4. Nxe4 {[%emt 0:00:10]} Nd7 {[%emt 0:00:11]} 5. Nf3 {[%emt 0:00:42]} Ngf6 {[%emt 0:00:16]} 6. Bg5 {[%emt 0:01:01]} Be7 {[%emt 0:00:15]} 7. Nxf6+ {[%emt 0:00:18]} Nxf6 {[%emt 0:01:53]} 8. Bd3 {[%emt 0:01:52]} O-O {[%emt 0:04:54]} 9. c3 {[%emt 0:00:07]} c5 {[%emt 0:01:46]} 10. dxc5 {[%emt 0:04:11]} Bxc5 {[%emt 0:00:09]} 11. Qc2 {[%emt 0:00:41]} h6 {[%emt 0:02:15]} 12. Bh4 {[%emt 0:00:56]} a6 {[%emt 0:06:09]} 13. O-O-O {[%emt 0:00:26]} Qe7 {[%emt 0:14:18]} 14. Ne5 {[%emt 0:00:27]} g5 {[%emt 0:18:13]} 15. Bg3 {[%emt 0:00:11]} Nd7 {[%emt 0:04:46]} 16. h4 {[%emt 0:05:35]} Nxe5 {[%emt 0:09:23]} 17. Bxe5 {[%emt 0:00:10]} f6 {[%emt 0:03:25]} 18. Bg3 {[%emt 0:01:36]} Rf7 {[%emt 0:06:29]} 19. hxg5 {[%emt 0:00:49]} hxg5 {[%emt 0:00:15]} 20. Rh6 {[%emt 0:02:17]} Rg7 {[%emt 0:08:18]} 21. Rdh1 {[%emt 0:01:15]} Kf8 {[%emt 0:01:48]} 22. Rh8+ {[%emt 0:00:56]} Rg8 {[%emt 0:03:58]} 23. Rxg8+ {[%emt 0:06:33]} Kxg8 {[%emt 0:00:02]} 24. Bh7+ {[%emt 0:00:32]} Kf8 {[%emt 0:01:24]} 25. Bg6 {[%emt 0:03:44]} f5 {[%emt 0:04:35]} 26. Be5 {[%emt 0:02:12]} Be3+ {[%emt 0:07:09]} 27. fxe3 {[%emt 0:00:48]} Qc5 {[%emt 0:00:01]} 28. Rh8+ {[%emt 0:00:45]} Ke7 {[%emt 0:00:01]} 29. Rh7+ {[%emt 0:02:01]} Kf8 {[%emt 0:01:05]} 30. Qd3 {[%emt 0:03:55]} Qa5 {[%emt 0:01:18]} 31. Rh8+ {[%emt 0:00:20]} Ke7 {[%emt 0:00:05]} 32. Re8# 1-0

[Event "DFMMLV 2019"]
[Site "Braunfels"]
[Date "2019.06.21"]
[Round "3.46"]
[White "Wenke, Andrea"]
[Black "Harder, Daniella"]
[Result "0-1"]
[WhiteElo "1756"]
[BlackElo "1630"]
[Annotator "NA"]
[PlyCount "108"]
[EventDate "2019.06.20"]
[EventType "team-tourn"]
[EventCountry "GER"]
[SourceTitle "playchess.com"]
[Source "ChessBase"]
[SourceQuality "1"]
[WhiteTeam "Niedersachsen Bremen"]
[BlackTeam "Hamburg"]
[TimeControl "40/5400+30:1800+30"]

1. e4 {[%emt 0:00:00]} c6 {[%emt 0:00:00]} 2. d4 {[%emt 0:00:00]} d5 {[%emt 0:00:00]} 3. exd5 {[%emt 0:00:00]} cxd5 {[%emt 0:00:00]} 4. Nf3 {[%emt 0:00:33]} Bg4 {[%emt 0:01:39]} 5. Be2 {[%emt 0:01:43]} e6 {[%emt 0:00:26]} 6. Ne5 {[%emt 0:01:12]} Bxe2 {[%emt 0:00:50]} 7. Qxe2 {[%emt 0:00:14]} a6 {[%emt 0:11:12]} 8. Qf3 {[%emt 0:01:45]} Qf6 {[%emt 0:01:54]} 9. Qc3 {[%emt 0:03:27]} Qd8 {[%emt 0:03:47]} 10. O-O {[%emt 0:02:25]} Bd6 {[%emt 0:08:33]} 11. Nf3 {[%emt 0:05:35]} Ne7 {[%emt 0:03:49]} 12. Ng5 {[%emt 0:02:10]} Qc7 {[%emt 0:06:15]} 13. Qxc7 {[%emt 0:02:29]} Bxc7 {[%emt 0:00:06]} 14. c3 {[%emt 0:00:12]} O-O {[%emt 0:02:19]} 15. Nd2 {[%emt 0:01:07]} Ng6 {[%emt 0:03:17]} 16. g3 {[%emt 0:01:22]} Nc6 {[%emt 0:02:19]} 17. f4 {[%emt 0:01:56]} Nce7 {[%emt 0:05:42]} 18. Ndf3 {[%emt 0:01:23]} h5 {[%emt 0:07:41]} 19. h4 {[%emt 0:01:53]} Nf5 {[%emt 0:01:02]} 20. Kg2 {[%emt 0:00:22]} Rae8 {[%emt 0:00:35]} 21. Re1 {[%emt 0:00:56]} Re7 {[%emt 0:01:05]} 22. a4 {[%emt 0:03:50]} Rfe8 {[%emt 0:03:02]} 23. Ne5 {[%emt 0:05:47]} Bxe5 {[%emt 0:02:16]} 24. fxe5 {[%emt 0:00:24]} f6 {[%emt 0:01:13]} 25. Nf3 {[%emt 0:02:47]} Kh7 {[%emt 0:02:49]} 26. Bd2 {[%emt 0:01:26]} Rg8 {[%emt 0:01:43]} 27. Ra3 {[%emt 0:02:12]} Nh6 {[%emt 0:04:43]} 28. Rb3 {[%emt 0:03:26]} Nf7 {[%emt 0:01:03]} 29. exf6 {[%emt 0:03:24]} gxf6 {[%emt 0:00:23]} 30. Rb6 {[%emt 0:00:19]} Nd8 {[%emt 0:01:25]} 31. b4 {[%emt 0:02:27]} Rc7 {[%emt 0:06:49]} 32. Rd6 {[%emt 0:02:12]} Kg7 {[%emt 0:03:12]} 33. Rc1 {[%emt 0:02:38]} Kf7 {[%emt 0:00:27]} 34. a5 {[%emt 0:01:20]} Nc6 {[%emt 0:00:34]} 35. Re1 {[%emt 0:00:57]} Nf8 {[%emt 0:01:04]} 36. Bf4 {[%emt 0:01:12]} Ne7 {[%emt 0:04:34]} 37. Bd2 {[%emt 0:03:15]} Nf5 {[%emt 0:01:15]} 38. Rb6 {[%emt 0:07:13]} Nxg3 {[%emt 0:00:06]} 39. Kf2 {[%emt 0:00:18]} Ne4+ {[%emt 0:00:44]} 40. Ke3 {[%emt 0:02:03]} Nd7 {[%emt 0:00:32]} 41. Rg1 {[%emt 0:30:48]} Rxg1 {[%emt 0:31:28]} 42. Nxg1 {[%emt 0:00:06]} Nxb6 {[%emt 0:00:08]} 43. axb6 {[%emt 0:00:18]} Rc6 {[%emt 0:00:18]} 44. Kd3 {[%emt 0:00:41]} Nxd2 {[%emt 0:01:54]} 45. Kxd2 {[%emt 0:00:07]} Rxb6 {[%emt 0:00:09]} 46. Ne2 {[%emt 0:00:21]} a5 {[%emt 0:00:13]} 47. bxa5 {[%emt 0:00:45]} Rb2+ {[%emt 0:02:31]} 48. Kd3 {[%emt 0:01:05]} e5 {[%emt 0:05:34]} 49. dxe5 {[%emt 0:01:23]} fxe5 {[%emt 0:00:10]} 50. Ng3 {[%emt 0:02:11]} Kg6 {[%emt 0:00:00]} 51. Ne2 {[%emt 0:00:00]} Ra2 {[%emt 0:00:00]} 52. c4 {[%emt 0:00:00]} dxc4+ {[%emt 0:00:00]} 53. Ke3 {[%emt 0:00:00]} Rxe2+ {[%emt 0:00:00]} 54. Kxe2 {[%emt 0:00:00]} Kf5 {[%emt 0:00:00]} 0-1

[Event "DFMMLV 2019"]
[Site "Braunfels"]
[Date "2019.06.21"]
[Round "3.47"]
[White "Reich, Kristina"]
[Black "Luecke, Kristina"]
[Result "1/2-1/2"]
[WhiteElo "1544"]
[BlackElo "1513"]
[Annotator "NA"]
[PlyCount "75"]
[EventDate "2019.06.20"]
[EventType "team-tourn"]
[EventCountry "GER"]
[SourceTitle "playchess.com"]
[Source "ChessBase"]
[SourceQuality "1"]
[WhiteTeam "Hamburg"]
[BlackTeam "Niedersachsen Bremen"]
[TimeControl "40/5400+30:1800+30"]

1. e4 {[%emt 0:00:00]} c5 {[%emt 0:00:00]} 2. Nf3 {[%emt 0:00:00]} g6 {[%emt 0:00:00]} 3. d4 {[%emt 0:00:00]} cxd4 {[%emt 0:00:00]} 4. Nxd4 {[%emt 0:00:00]} Bg7 {[%emt 0:00:08]} 5. c4 {[%emt 0:00:07]} Nc6 {[%emt 0:00:28]} 6. Be3 {[%emt 0:00:25]} Nf6 {[%emt 0:00:35]} 7. Nc3 {[%emt 0:00:11]} O-O {[%emt 0:01:23]} 8. Be2 {[%emt 0:00:32]} d6 {[%emt 0:00:49]} 9. O-O {[%emt 0:00:24]} Be6 {[%emt 0:02:59]} 10. Qd2 {[%emt 0:01:27]} a6 {[%emt 0:02:53]} 11. f3 {[%emt 0:01:44]} Qc7 {[%emt 0:04:05]} 12. b3 {[%emt 0:07:14]} Rfc8 {[%emt 0:06:34]} 13. Rfc1 {[%emt 0:04:43]} Qa5 {[%emt 0:06:36]} 14. Rab1 {[%emt 0:10:24]} Rab8 {[%emt 0:06:44]} 15. Bf1 {[%emt 0:11:50]} Nxd4 {[%emt 0:04:46]} 16. Bxd4 {[%emt 0:01:24]} Bd7 {[%emt 0:11:44]} 17. Rc2 {[%emt 0:08:14]} b5 {[%emt 0:11:25]} 18. b4 {[%emt 0:06:50]} Qd8 {[%emt 0:01:45]} 19. c5 {[%emt 0:14:45]} Bc6 {[%emt 0:06:36]} 20. cxd6 {[%emt 0:10:06]} Qxd6 {[%emt 0:01:44]} 21. e5 {[%emt 0:01:38]} Qe6 {[%emt 0:10:00]} 22. exf6 {[%emt 0:00:38]} Bxf6 {[%emt 0:00:57]} 23. Bf2 {[%emt 0:01:57]} Rd8 {[%emt 0:02:14]} 24. Qe2 {[%emt 0:01:02]} Qd7 {[%emt 0:02:14]} 25. Ne4 {[%emt 0:03:04]} Bxe4 {[%emt 0:07:15]} 26. Qxe4 {[%emt 0:00:20]} e6 {[%emt 0:02:32]} 27. Qc6 {[%emt 0:00:48]} Ra8 {[%emt 0:01:01]} 28. Be2 {[%emt 0:03:08]} Qxc6 {[%emt 0:01:03]} 29. Rxc6 {[%emt 0:00:10]} Rd2 {[%emt 0:00:17]} 30. Bd1 {[%emt 0:01:36]} Rxa2 {[%emt 0:00:48]} 31. Bb3 {[%emt 0:01:10]} Rd2 {[%emt 0:00:49]} 32. h3 {[%emt 0:01:38]} Bd4 {[%emt 0:02:54]} 33. Bxd4 {[%emt 0:00:48]} Rxd4 {[%emt 0:00:08]} 34. Ba2 {[%emt 0:05:10]} Rd2 {[%emt 0:00:26]} 35. Bb3 {[%emt 0:00:38]} Rd4 {[%emt 0:00:28]} 36. Ba2 {[%emt 0:00:41]} Rd2 {[%emt 0:00:13]} 37. Bb3 {[%emt 0:00:39]} Rd4 {[%emt 0:00:07]} 38. Ba2 {[%emt 0:00:32]} 1/2-1/2

[Event "DFMMLV 2019"]
[Site "Braunfels"]
[Date "2019.06.21"]
[Round "3.48"]
[White "Evering, Kira"]
[Black "Hoelzer, Jeanette"]
[Result "0-1"]
[WhiteElo "1332"]
[BlackElo "1662"]
[Annotator "NA"]
[PlyCount "40"]
[EventDate "2019.06.20"]
[EventType "team-tourn"]
[EventCountry "GER"]
[SourceTitle "playchess.com"]
[Source "ChessBase"]
[SourceQuality "1"]
[WhiteTeam "Niedersachsen Bremen"]
[BlackTeam "Hamburg"]
[TimeControl "40/5400+30:1800+30"]

1. e4 {[%emt 0:00:00]} e5 {[%emt 0:00:00]} 2. Nf3 {[%emt 0:00:00]} Nc6 {[%emt 0:00:00]} 3. d4 {[%emt 0:00:09]} exd4 {[%emt 0:00:00]} 4. Nxd4 {[%emt 0:00:12]} Bc5 {[%emt 0:00:00]} 5. Nb3 {[%emt 0:00:19]} Bb6 {[%emt 0:00:41]} 6. Nc3 {[%emt 0:00:32]} Nge7 {[%emt 0:00:34]} 7. Qe2 {[%emt 0:00:45]} O-O {[%emt 0:00:40]} 8. Be3 {[%emt 0:00:47]} f5 {[%emt 0:00:36]} 9. O-O-O {[%emt 0:18:12]} f4 {[%emt 0:01:46]} 10. Qc4+ {[%emt 0:04:15]} Kh8 {[%emt 0:01:22]} 11. Bd4 {[%emt 0:01:22]} Nxd4 {[%emt 0:08:00]} 12. Nxd4 {[%emt 0:00:37]} Nf5 {[%emt 0:06:04]} 13. Ne6 {[%emt 0:04:47]} d5 {[%emt 0:08:08]} 14. exd5 {[%emt 0:02:09]} Bxe6 {[%emt 0:02:44]} 15. dxe6 {[%emt 0:00:17]} Qe8 {[%emt 0:09:02]} 16. Nd5 {[%emt 0:10:20]} Qxe6 {[%emt 0:04:50]} 17. Nxb6 {[%emt 0:00:39]} Qxb6 18. Rd2 Rad8 {[%emt 0:05:09]} 19. Rxd8 {[%emt 0:07:48]} Rxd8 {[%emt 0:00:10]} 20. f3 {[%emt 0:01:05]} Qe3+ {[%emt 0:03:02]} 0-1

[Event "DFMMLV 2019"]
[Site "Braunfels"]
[Date "2019.06.21"]
[Round "3.49"]
[White "Froehlich, Franziska"]
[Black "Bardorz, Jana"]
[Result "1-0"]
[WhiteElo "1820"]
[BlackElo "1769"]
[Annotator "NA"]
[PlyCount "109"]
[EventDate "2019.06.20"]
[EventType "team-tourn"]
[EventCountry "GER"]
[SourceTitle "playchess.com"]
[Source "ChessBase"]
[SourceQuality "1"]
[WhiteTeam "Wuerttemberg 2"]
[BlackTeam "Bayern 2"]
[TimeControl "40/5400+30:1800+30"]

1. e4 {[%emt 0:00:00]} e5 {[%emt 0:00:00]} 2. Nf3 {[%emt 0:00:00]} Nc6 {[%emt 0:00:00]} 3. Bb5 {[%emt 0:00:00]} a6 {[%emt 0:00:00]} 4. Ba4 {[%emt 0:00:00]} Nf6 {[%emt 0:00:00]} 5. O-O {[%emt 0:00:00]} Be7 {[%emt 0:00:00]} 6. Re1 {[%emt 0:00:03]} b5 {[%emt 0:00:00]} 7. Bb3 {[%emt 0:00:05]} d6 {[%emt 0:00:03]} 8. c3 {[%emt 0:02:45]} O-O {[%emt 0:00:25]} 9. h3 {[%emt 0:00:25]} Nb8 {[%emt 0:00:39]} 10. d4 {[%emt 0:01:08]} Nbd7 {[%emt 0:00:09]} 11. Nbd2 {[%emt 0:01:01]} Bb7 {[%emt 0:00:50]} 12. Bc2 {[%emt 0:03:52]} Re8 {[%emt 0:00:58]} 13. Nf1 {[%emt 0:02:05]} Bf8 {[%emt 0:01:33]} 14. Ng3 {[%emt 0:00:19]} g6 {[%emt 0:00:19]} 15. a4 {[%emt 0:08:15]} c5 {[%emt 0:02:12]} 16. axb5 {[%emt 0:04:09]} axb5 {[%emt 0:00:50]} 17. Rxa8 {[%emt 0:00:09]} Qxa8 {[%emt 0:01:11]} 18. d5 {[%emt 0:00:21]} c4 {[%emt 0:03:46]} 19. Nh2 {[%emt 0:07:50]} Nc5 {[%emt 0:07:22]} 20. Bg5 {[%emt 0:11:21]} Be7 {[%emt 0:04:16]} 21. Qc1 {[%emt 0:02:58]} Nfd7 {[%emt 0:05:41]} 22. Bxe7 {[%emt 0:07:54]} Rxe7 {[%emt 0:00:08]} 23. Ng4 {[%emt 0:00:19]} Qf8 {[%emt 0:08:27]} 24. Qg5 {[%emt 0:06:15]} f6 {[%emt 0:03:54]} 25. Qd2 {[%emt 0:03:14]} h5 {[%emt 0:05:51]} 26. Ne3 {[%emt 0:01:08]} Re8 {[%emt 0:06:23]} 27. Qd1 {[%emt 0:05:15]} Qh6 {[%emt 0:05:17]} 28. Nef5 {[%emt 0:05:26]} gxf5 {[%emt 0:07:13]} 29. Nxf5 {[%emt 0:00:07]} Qh7 {[%emt 0:03:08]} 30. Nxd6 {[%emt 0:03:16]} Rf8 {[%emt 0:03:30]} 31. Re3 {[%emt 0:01:59]} Ba6 {[%emt 0:08:28]} 32. Nf5 {[%emt 0:04:14]} Kh8 {[%emt 0:03:54]} 33. d6 {[%emt 0:05:33]} Rg8 {[%emt 0:04:09]} 34. Ne7 {[%emt 0:01:40]} Rg5 {[%emt 0:02:52]} 35. Qf3 {[%emt 0:05:14]} Nb7 {[%emt 0:06:29]} 36. Nd5 {[%emt 0:01:58]} Qg6 {[%emt 0:03:03]} 37. Nc7 {[%emt 0:01:02]} Nbc5 {[%emt 0:01:16]} 38. g3 {[%emt 0:03:49]} Nf8 {[%emt 0:03:26]} 39. Kh2 {[%emt 0:01:06]} Nfe6 {[%emt 0:00:39]} 40. d7 {[%emt 0:00:52]} Bb7 {[%emt 0:00:59]} 41. h4 {[%emt 0:31:29]} Rg4 {[%emt 0:05:29]} 42. Qf5 {[%emt 0:00:00]} Qxf5 {[%emt 0:04:22]} 43. exf5 {[%emt 0:00:00]} Nd8 {[%emt 0:00:56]} 44. Nxb5 {[%emt 0:00:00]} Nxd7 {[%emt 0:02:42]} 45. Nd6 {[%emt 0:00:00]} Bd5 {[%emt 0:03:12]} 46. Bd1 {[%emt 0:00:00]} Rg7 {[%emt 0:01:42]} 47. Bxh5 {[%emt 0:00:00]} Nf7 {[%emt 0:01:29]} 48. Ne8 {[%emt 0:00:00]} Rg8 {[%emt 0:01:07]} 49. Nc7 {[%emt 0:00:00]} Nh6 {[%emt 0:07:05]} 50. Nxd5 {[%emt 0:00:00]} Nxf5 {[%emt 0:00:07]} 51. Re2 {[%emt 0:00:00]} Nd6 {[%emt 0:01:12]} 52. Bf3 {[%emt 0:00:00]} Kg7 {[%emt 0:01:24]} 53. Rd2 {[%emt 0:00:00]} Rd8 {[%emt 0:02:54]} 54. Ne3 {[%emt 0:00:00]} Nf7 {[%emt 0:01:11]} 55. Nxc4 {[%emt 0:00:00]} 1-0

[Event "DFMMLV 2019"]
[Site "Braunfels"]
[Date "2019.06.21"]
[Round "3.50"]
[White "Todorova, Kalina"]
[Black "Yi, Wendy"]
[Result "0-1"]
[WhiteElo "1796"]
[BlackElo "1820"]
[Annotator "NA"]
[PlyCount "132"]
[EventDate "2019.06.20"]
[EventType "team-tourn"]
[EventCountry "GER"]
[SourceTitle "playchess.com"]
[Source "ChessBase"]
[SourceQuality "1"]
[WhiteTeam "Bayern 2"]
[BlackTeam "Wuerttemberg 2"]
[TimeControl "40/5400+30:1800+30"]

1. d4 {[%emt 0:00:00]} d5 {[%emt 0:00:00]} 2. c4 {[%emt 0:00:00]} e6 {[%emt 0:00:00]} 3. Nc3 {[%emt 0:00:00]} Nf6 {[%emt 0:00:15]} 4. Nf3 {[%emt 0:01:50]} Nbd7 {[%emt 0:01:07]} 5. g3 {[%emt 0:02:01]} Be7 {[%emt 0:07:23]} 6. Bg2 {[%emt 0:01:35]} O-O {[%emt 0:02:54]} 7. Qc2 {[%emt 0:01:59]} dxc4 {[%emt 0:08:29]} 8. e4 {[%emt 0:15:32]} c5 {[%emt 0:06:34]} 9. O-O {[%emt 0:01:59]} cxd4 {[%emt 0:06:56]} 10. Nxd4 {[%emt 0:00:05]} e5 {[%emt 0:02:22]} 11. Nf3 {[%emt 0:07:27]} Rb8 {[%emt 0:12:22]} 12. Rd1 {[%emt 0:07:51]} Qc7 {[%emt 0:02:04]} 13. Nd5 {[%emt 0:09:34]} Nxd5 {[%emt 0:00:21]} 14. exd5 {[%emt 0:00:03]} b5 {[%emt 0:06:35]} 15. Ng5 {[%emt 0:06:22]} Nf6 {[%emt 0:04:00]} 16. a4 {[%emt 0:11:25]} b4 {[%emt 0:06:03]} 17. Nf3 {[%emt 0:04:29]} Bd6 {[%emt 0:07:35]} 18. Bg5 {[%emt 0:03:02]} Nd7 {[%emt 0:02:30]} 19. Rac1 {[%emt 0:02:46]} Ba6 {[%emt 0:03:05]} 20. Nd2 {[%emt 0:02:01]} Rfc8 {[%emt 0:01:26]} 21. Bf1 {[%emt 0:05:16]} b3 {[%emt 0:03:58]} 22. Qf5 {[%emt 0:08:19]} h6 {[%emt 0:06:49]} 23. Be3 {[%emt 0:03:25]} Nb6 {[%emt 0:02:20]} 24. Bxb6 {[%emt 0:03:02]} Qxb6 {[%emt 0:00:13]} 25. Bxc4 {[%emt 0:01:10]} Bb4 {[%emt 0:04:33]} 26. Bxa6 {[%emt 0:00:51]} Rxc1 {[%emt 0:00:18]} 27. Rxc1 {[%emt 0:00:03]} Bxd2 {[%emt 0:00:40]} 28. Rc8+ {[%emt 0:00:03]} Rxc8 {[%emt 0:00:28]} 29. Qxc8+ {[%emt 0:00:04]} Kh7 {[%emt 0:00:09]} 30. Bd3+ {[%emt 0:00:09]} g6 {[%emt 0:00:27]} 31. Qe8 {[%emt 0:01:23]} Qf6 {[%emt 0:00:20]} 32. f4 {[%emt 0:00:45]} exf4 {[%emt 0:00:42]} 33. Qe4 {[%emt 0:01:04]} fxg3 {[%emt 0:00:27]} 34. hxg3 {[%emt 0:00:07]} Ba5 {[%emt 0:01:07]} 35. Qg2 {[%emt 0:00:54]} Qd4+ {[%emt 0:01:04]} 36. Qf2 {[%emt 0:00:14]} Qxd5 {[%emt 0:00:21]} 37. Qf1 {[%emt 0:00:59]} Bb6+ {[%emt 0:00:30]} 38. Kh2 {[%emt 0:00:03]} Kg7 39. Bc4 {[%emt 0:00:27]} Qd7 {[%emt 0:02:26]} 40. Bxb3 {[%emt 0:00:16]} Bd4 {[%emt 0:00:00]} 41. Qg2 {[%emt 0:10:17]} Qf5 {[%emt 0:03:03]} 42. Bc4 {[%emt 0:13:04]} Qh5+ {[%emt 0:02:06]} 43. Qh3 {[%emt 0:00:06]} Qxh3+ {[%emt 0:00:28]} 44. Kxh3 {[%emt 0:00:04]} Bxb2 {[%emt 0:00:11]} 45. g4 {[%emt 0:01:21]} a5 {[%emt 0:03:22]} 46. Kg3 {[%emt 0:04:05]} f6 {[%emt 0:03:50]} 47. Be6 {[%emt 0:01:21]} h5 {[%emt 0:01:36]} 48. gxh5 {[%emt 0:02:57]} gxh5 {[%emt 0:00:16]} 49. Kh4 {[%emt 0:00:47]} Kg6 {[%emt 0:00:33]} 50. Bd7 {[%emt 0:00:35]} Bc3 {[%emt 0:02:18]} 51. Be8+ {[%emt 0:00:58]} Kh6 {[%emt 0:00:11]} 52. Bd7 {[%emt 0:00:08]} Be1+ {[%emt 0:00:27]} 53. Kh3 {[%emt 0:00:17]} Kg5 {[%emt 0:00:14]} 54. Kg2 {[%emt 0:00:06]} Kf4 {[%emt 0:03:10]} 55. Bc6 {[%emt 0:00:49]} f5 {[%emt 0:01:18]} 56. Bb7 {[%emt 0:00:51]} Ke3 {[%emt 0:03:43]} 57. Bf3 {[%emt 0:01:02]} h4 {[%emt 0:00:21]} 58. Bc6 {[%emt 0:00:33]} f4 {[%emt 0:00:36]} 59. Kf1 {[%emt 0:00:30]} Bc3 {[%emt 0:02:08]} 60. Bg2 {[%emt 0:00:17]} f3 {[%emt 0:01:12]} 61. Bh3 {[%emt 0:00:14]} Kf4 {[%emt 0:00:33]} 62. Kg1 {[%emt 0:00:11]} Kg3 {[%emt 0:00:45]} 63. Bf1 {[%emt 0:00:06]} Bd4+ {[%emt 0:00:23]} 64. Kh1 {[%emt 0:00:14]} Kf2 {[%emt 0:00:28]} 65. Bh3 {[%emt 0:02:24]} Ke1 {[%emt 0:00:18]} 66. Bg4 {[%emt 0:00:34]} f2 0-1

[Event "DFMMLV 2019"]
[Site "Braunfels"]
[Date "2019.06.21"]
[Round "3.51"]
[White "Lederer, Leia"]
[Black "Alsheimer, Lea"]
[Result "1/2-1/2"]
[WhiteElo "1728"]
[BlackElo "1707"]
[Annotator "NA"]
[PlyCount "36"]
[EventDate "2019.06.20"]
[EventType "team-tourn"]
[EventCountry "GER"]
[SourceTitle "playchess.com"]
[Source "ChessBase"]
[SourceQuality "1"]
[WhiteTeam "Wuerttemberg 2"]
[BlackTeam "Bayern 2"]
[TimeControl "40/5400+30:1800+30"]

1. e4 {[%emt 0:00:00]} e6 {[%emt 0:00:00]} 2. d4 {[%emt 0:00:00]} d5 {[%emt 0:00:00]} 3. e5 {[%emt 0:00:00]} c5 {[%emt 0:00:03]} 4. Nf3 {[%emt 0:00:00]} Nc6 {[%emt 0:00:20]} 5. Nc3 {[%emt 0:00:42]} cxd4 {[%emt 0:02:55]} 6. Nxd4 {[%emt 0:01:51]} Bc5 {[%emt 0:00:36]} 7. Be3 {[%emt 0:02:05]} Qe7 {[%emt 0:07:39]} 8. Bb5 {[%emt 0:13:30]} Bd7 {[%emt 0:01:16]} 9. Bxc6 {[%emt 0:00:29]} bxc6 {[%emt 0:00:36]} 10. Qg4 {[%emt 0:03:07]} f5 {[%emt 0:01:41]} 11. Qh5+ {[%emt 0:03:22]} g6 {[%emt 0:00:21]} 12. Qd1 {[%emt 0:00:16]} Bxd4 {[%emt 0:00:27]} 13. Qxd4 {[%emt 0:00:15]} g5 {[%emt 0:02:17]} 14. Na4 {[%emt 0:04:57]} Nh6 {[%emt 0:03:07]} 15. Bd2 {[%emt 0:06:11]} f4 {[%emt 0:01:37]} 16. Bb4 {[%emt 0:03:04]} Nf5 {[%emt 0:00:37]} 17. Qc3 {[%emt 0:11:13]} Qd8 {[%emt 0:05:03]} 18. Nc5 {[%emt 0:06:48]} a5 {[%emt 0:07:06]} 1/2-1/2